000 00608nam a2200205Ia 4500
003 GCL
008 140319s9999 xx 000 0 ara d
040 _aGCL /
_cGCL
082 0 4 _aق
_b932
_bع ح
100 1 _aعبدالحميد سالم
245 1 0 _aالحضارة المصرية فى العصور القديمة /
_cعبدالحميد سالم
260 _a[S.N] :
_bدار الكتب المصرية ،
_c1934
300 _a96 ص
490 _a
650 0 4 _aمصر
650 0 4 _aتاريخ
650 0 4 _aمصر القديمة
650 0 4 _aالحضارة الفرعونية
942 _2ddc
_cBK
999 _c58655
_d58655